| 000 | 01143nam a22002417a 4500 | ||
|---|---|---|---|
| 999 |
_c3991 _d3991 |
||
| 003 | AR-CdUCM | ||
| 008 | 190307b ||||| |||| 00| 0 spa d | ||
| 040 |
_aMUNICIPALIDAD PROVINCIAL DEL CUSCO _cBIBLIOTECA MUNICIPAL DEL CUSCO |
||
| 082 |
_a320.985 / _bAR66 |
||
| 100 |
_aAranda Arrieta, Arturo _912747 |
||
| 245 |
_aBalance coyuntural : _bdiez años de dictadura en el Perú bajo el signo del neo liberalismo / |
||
| 260 |
_aLima : _bEd. M. Aranda Escalante, _c2000. |
||
| 300 |
_a96 páginas ; _c2o cm. |
||
| 500 | _aIncluye referencias bibliográficas. | ||
| 505 | _aContenido: La dependencia de la "Globalización" -- La crisis estructural y coyuntural de nuestro país -- ¿Cómo y porque asume a la Presidencia Alberto Fujimori? -- Las elecciones generales del 2000 -- Vladimiro Montesinos: Jefe del SIN y asesor del Presidente Fujimori ... | ||
| 650 |
_aFujimori Fujimori, Alberto _912748 |
||
| 650 |
_aMontesinos Torres, Vladimiro _912749 |
||
| 650 |
_aPolítica y gobierno1990-2000. _912750 |
||
| 650 |
_aActividad política _99761 |
||
| 700 |
_aEscalante Gutiérrez, María _912751 |
||
| 942 |
_2ddc _cLIBROS |
||
| 945 | _araen | ||